Innovation potential and regional disparities in the Slovak Republic

Gespeichert in:
Bibliographische Detailangaben
1. Verfasser: Rehák, Štefan, 1974-
Format: Buchkapitel
Sprache:Englisch
Tags: Tag hinzufügen
Keine Tags, Fügen Sie das erste Tag hinzu!

MARC

LEADER 00000naa$a2200000$$$4500
001 0113794
005 20240502072251.0
041 0 |a eng 
044 |a SK 
245 1 0 |a Innovation potential and regional disparities in the Slovak Republic  |c Štefan Rehák 
100 1 |a Rehák, Štefan, 1974-